Safe motherhood & access to resources among nomadic population in desert regions in Rajasthan- India and the Negev, Israel- a comparative perspective 2008-2009 (Record no. 19674)
[ view plain ]
| 000 -LEADER | |
|---|---|
| fixed length control field | 00731nam a2200181Ia 4500 |
| 082 ## - DEWEY DECIMAL CLASSIFICATION NUMBER | |
| Classification number | RP 0280 |
| 100 ## - MAIN ENTRY--AUTHOR NAME | |
| Personal name | Nirupama Prakash |
| 245 #0 - TITLE STATEMENT | |
| Title | Safe motherhood & access to resources among nomadic population in desert regions in Rajasthan- India and the Negev, Israel- a comparative perspective 2008-2009 |
| Sub Title | : |
| 260 ## - PUBLICATION, DISTRIBUTION, ETC. (IMPRINT) | |
| Year of publication | 0 |
| Name of publisher | Indian Council of Social Science Research, New Delhi |
| 300 ## - PHYSICAL DESCRIPTION | |
| Number of Pages | 98 |
| 650 ## - SUBJECT ADDED ENTRY--TOPICAL TERM | |
| Topical Term | Nomads |
| Form subdivision | Social conditions |
| Geographic subdivision | India |
| -- | Rajasthan |
| 650 ## - SUBJECT ADDED ENTRY--TOPICAL TERM | |
| Topical Term | Nomads |
| Form subdivision | Social conditions |
| Geographic subdivision | Israel |
| -- | Negev |
| 650 ## - SUBJECT ADDED ENTRY--TOPICAL TERM | |
| Topical Term | Motherhood |
| Geographic subdivision | India |
| -- | Rajasthan |
| 650 ## - SUBJECT ADDED ENTRY--TOPICAL TERM | |
| Topical Term | Nomads |
| Form subdivision | Economic conditions |
| Geographic subdivision | India |
| -- | Rajasthan |
| 650 ## - SUBJECT ADDED ENTRY--TOPICAL TERM | |
| Topical Term | Motherhood |
| Geographic subdivision | Israel |
| -- | Negev |
| 650 ## - SUBJECT ADDED ENTRY--TOPICAL TERM | |
| Topical Term | Nomads |
| Form subdivision | Economic conditions |
| Geographic subdivision | Israel |
| -- | Negev |
| 942 ## - ADDED ENTRY ELEMENTS (KOHA) | |
| Koha item type | Research Reports |
| Source of classification or shelving scheme | Dewey Decimal Classification |
| Withdrawn status | Lost status | Damaged status | Not for loan | Collection code | Home library | Current library | Date acquired | Source of acquisition | Bill Date | Full call number | Accession Number | Price effective from | Koha item type |
|---|---|---|---|---|---|---|---|---|---|---|---|---|---|
| Not For Loan | Minor Research project Reports | NASSDOC Library | NASSDOC Library | 27/07/2012 | Gifted by : RP Division, ICSSR | 2012-07-13 | RP 0280 | 47796 | 18/04/2019 | Research Reports |
